[Event "London op Congress August"]
[Site "London"]
[Date "2013.08.25"]
[Round "3"]
[White "Willmoth, Robert"]
[Black "Tillett, Matthew"]
[Result "1-0"]
[WhiteElo "2174"]
[BlackElo "1922"]
[PlyCount "127"]
[EventDate "2013.08.24"]
[EventType "swiss"]
[EventRounds "6"]
[EventCountry "ENG"]
[SourceTitle "EXT 2023"]
[Source "ChessBase"]
[SourceDate "2022.10.05"]
[SourceVersion "1"]
[SourceVersionDate "2022.10.05"]
[SourceQuality "1"]

1. e4 e5 2. Nc3 Bc5 3. g3 Nf6 4. Bg2 d6 5. Na4 Bb6 6. Nxb6 axb6 7. d3 0-0 8. Ne2 Nc6 9. 0-0 Be6 10. f4 exf4 11. Nxf4 Bg4 12. Qe1 Qe7 13. Qf2 Bd7 14. h3 Ne5 15. Bd2 c5 16. a3 Bc6 17. Rae1 Qc7 18. Bc3 Rae8 19. g4 Nfd7 20. Qg3 f6 21. Rf2 Rf7 22. Ref1 Nf8 23. h4 Ne6 24. Nxe6 Rxe6 25. g5 Kh8 26. Bh3 Re8 27. Bxe5 dxe5 28. g6 Rff8 29. gxh7 Bd7 30. Bf5 Bxf5 31. Rxf5 Qf7 32. b3 Kxh7 33. a4 Re6 34. h5 g6 35. hxg6+ Qxg6 36. Qxg6+ Kxg6 37. Kf2 Rh8 38. Rg1+ Kf7 39. Rg2 Ree8 40. Ke2 Rhg8 41. Rgf2 Rg6 42. Kd2 Ke6 43. Kc3 Rd8 44. Rh5 Rd7 45. Rh8 Rgg7 46. Rfh2 Kd6 47. R2h6 Rgf7 48. Kc4 Kc6 49. Re8 Rd6 50. Rhh8 Rd4+ 51. Kc3 Kd6 52. Rd8+ Rd7 53. Rdf8 Ke6 54. Rh6 Rf7 55. Rxf7 Kxf7 56. Rh7+ Ke6 57. Rxb7 Rd6 58. Kc4 f5 59. exf5+ Kxf5 60. Kb5 e4 61. dxe4+ Kxe4 62. Rxb6 Rd5 63. c4 Rh5 64. a5 1-0

[Event "London op Congress August"]
[Site "London"]
[Date "2013.08.24"]
[Round "1"]
[White "Tillett, Matthew"]
[Black "Kahn, Tito"]
[Result "1/2-1/2"]
[WhiteElo "1922"]
[BlackElo "2020"]
[PlyCount "103"]
[EventDate "2013.08.24"]
[EventType "swiss"]
[EventRounds "6"]
[EventCountry "ENG"]
[SourceTitle "EXT 2023"]
[Source "ChessBase"]
[SourceDate "2022.10.05"]
[SourceVersion "1"]
[SourceVersionDate "2022.10.05"]
[SourceQuality "1"]

1. e4 c5 2. Nc3 e6 3. g3 Nc6 4. Bg2 a6 5. d3 b5 6. Be3 Bb7 7. f4 Qc7 8. Nf3 d6 9. 0-0 Nf6 10. h3 Be7 11. Qd2 b4 12. Ne2 e5 13. g4 Nd4 14. Ng3 Nd7 15. c3 bxc3 16. bxc3 Nxf3+ 17. Bxf3 g6 18. Bg2 Bf6 19. f5 Bh4 20. Kh2 h5 21. g5 Bxg3+ 22. Kxg3 0-0 23. c4 Bc6 24. h4 Rab8 25. Bh3 Nb6 26. fxg6 fxg6 27. Be6+ Kg7 28. Qg2 Bd7 29. Qh3 Bxe6 30. Qxe6 Rbe8 31. Qh3 Nc8 32. Rxf8 Rxf8 33. Rf1 Rxf1 34. Qxf1 Qd7 35. Qf6+ Kh7 36. Qf3 Na7 37. Kf2 Kg8 38. Ke2 Qf7 39. Qxf7+ Kxf7 40. Kd2 Nc6 41. a3 a5 42. a4 Nb4 43. Kc3 Ke6 44. Bd2 Kd7 45. Be1 Nc6 46. Bf2 Nd4 47. Be1 Ke6 48. Bf2 Nc6 49. Be1 Nd4 50. Bf2 Ne2+ 51. Kd2 Nd4 52. Kc3 1/2-1/2